00707nam a2200193 i 450000100060000000300090000600500170001500700030003200800410003510000340007624500790011026000530018930000210024249000330026383000420029685200320033899900170037095201260038776888ES-MaACL20250910183110.0t|041005s1957 sp ||||1| spa d1 aGuilleumas, Rosalía.96080913aLa llengua catalana segions Antoni Rubio i Lluch / cRosalía Guilleumas. aBarcelona : bBarcino, c1957 (fGráf. Marina) a88 p. ; c16 cm.1 aCol-lecció popular Barcino0 aCol·lecció popular Barcino9229864 aES-MaACLjC-18125 bR.42100 c76888d76888 00104070aATENEOMbATENEOMcGaleríad2008-01-17eSCl0oC-18125p1080454r2023-02-23 00:00:00w2023-02-23yMONOGRAFIA